| 000 | 01082nam0a22002531 4500 | ||
|---|---|---|---|
| 001 | rc\969363 | ||
| 005 | 20250622062043.0 | ||
| 035 | _a(NLR Aleph) 006138428 | ||
| 090 |
_a5635712 _c5635712 |
||
| 100 | _a20041129d1982 |||y0rusy50 ca | ||
| 101 | 0 | _arus | |
| 102 | _aRU | ||
| 105 | _aa ||||||||| | ||
| 200 | 1 |
_aГоворят орлята _e[Книга о жизни, мечтах и планах пионеров Махачкалы] _f[Авт.-сост.: З.А. Клищенко, Р.Ю. Юсуфов, И.И. Изопескова, Н.А. Баринова _gПод ред. д. ист. н. Р.Ю. Юсуфова] |
|
| 210 |
_aМахачкала _cДагучпедгиз _d1982 |
||
| 215 |
_a118 с. _cил. _d22 |
||
| 300 | _aНа тит. л.: Посвящается 60-летию Всесоюзной пионер. орг. им. В.И. Ленина | ||
| 702 | 1 |
_aКлищенко _bЗ.А. _4220 |
|
| 702 | 1 |
_aЮсуфов _bР.Ю. _gРамазан Юсуфович _4340 |
|
| 801 | 0 |
_aRU _bNLR _gpsbo |
|
| 801 | 1 |
_aRU _bELAR _2rusmarc |
|
| 852 |
_aNLR _j83-5/1917 |
||
| 942 | _cBOOK | ||
| 980 | _aNB | ||